000 00670nam a2200169Ia 4500
003 GCL
008 140319s9999 xx 000 0 ara d
040 _aGCL /
_cGCL
082 0 4 _a415.1
_bم م
100 1 _aمحمد عبدالوهاب
245 1 0 _aالمصدر الصناعى فى العربية دراسة صرفية ودلاللية من خلال مؤلفات الكندى والفارابى وابن سينا /
_cمحمد عبدالوهاب
490 _a100 قصة
_v0
650 0 4 _aاللغة العربية - النحو
650 0 4 _aاللغة العربية - الكلمات
650 0 4 _aاللغة العربية - المترادفات
942 _2ddc
_cBK
999 _c44190
_d44190